000 00936nam a2200265Ia 4500
003 OSt
005 20220923220506.0
006 a|||||r|||| 00| 0
007 ta
008 220922b |||||||| |||| 00| 0 hin d
024 _a186,963
037 _cTextual
040 _aARTS
_cARTS
_bhin
041 _2hin
_ahin
082 _aX61.2'N4, 152H6
100 _aबिडला, धनश्यामदास; पारसनाथ सिंह
_9164271
245 0 _aरूपये की कहानी
246 _aRūpaye kī kahānī
260 _aेदिल्ली
_b रूपए की कहानी
_c1946
300 _a296पृ.
_ccm.
650 _a भारतीय मुद्रा
650 _aअर्थशास्त्र
942 _hX61.2'N4, 152H6
_cTEXL
_2CC
999 _c340206
_d340206